<?xml version="1.0" encoding="UTF-8"?>
<record
    xmlns:xsi="http://www.w3.org/2001/XMLSchema-instance"
    xsi:schemaLocation="http://www.loc.gov/MARC21/slim http://www.loc.gov/standards/marcxml/schema/MARC21slim.xsd"
    xmlns="http://www.loc.gov/MARC21/slim">

  <leader>01480nam a22001937a 4500</leader>
  <controlfield tag="005">20220614123218.0</controlfield>
  <controlfield tag="008">220614b           ||||| |||| 00| 0 eng d</controlfield>
  <datafield tag="020" ind1=" " ind2=" ">
    <subfield code="a">978007151621</subfield>
  </datafield>
  <datafield tag="050" ind1=" " ind2=" ">
    <subfield code="a">TS155.J27(14e)</subfield>
  </datafield>
  <datafield tag="100" ind1=" " ind2=" ">
    <subfield code="9">Jacobs, Robert F.</subfield>
  </datafield>
  <datafield tag="245" ind1=" " ind2=" ">
    <subfield code="a">Operations and supply chain management /</subfield>
    <subfield code="c">Robert F. Jacobs and Richard B. Chase.</subfield>
  </datafield>
  <datafield tag="250" ind1=" " ind2=" ">
    <subfield code="a">14th ed.</subfield>
  </datafield>
  <datafield tag="260" ind1=" " ind2=" ">
    <subfield code="a">Berkshire :</subfield>
    <subfield code="b">McGraw-Hill Education, </subfield>
    <subfield code="c">2014.</subfield>
  </datafield>
  <datafield tag="300" ind1=" " ind2=" ">
    <subfield code="a">xxxv, 762 p. :</subfield>
    <subfield code="b">ill. (col.) ;</subfield>
    <subfield code="c">28 cm.</subfield>
  </datafield>
  <datafield tag="500" ind1=" " ind2=" ">
    <subfield code="a">Includes index.</subfield>
  </datafield>
  <datafield tag="505" ind1=" " ind2=" ">
    <subfield code="a">Contents : Section one : Strategy, products, and capacity : Introduction -- Strategy -- Design of products and services -- Project management -- Strategic capacity management -- Learning curves -- Section two : Manufacturing and service processes : Manufacturing processes -- Facility layout -- Service processes -- Waiting line analysis and simulation -- Process design and analysis -- Six sigma quality -- Statistical quality control -- Section three : Supply chain processes : Lean supply chain -- Logistics, distribution, and transportation -- Global sourcing and procurement -- Section four : Supply and demand planning and control : Enterprise resource planning systems -- Forecasting -- Sales and operations planning -- Inventory management -- Material requirements planning -- Workcenter scheduling -- Theory of constraints -- Section five : Special topics : Health care -- Operations consulting.   </subfield>
  </datafield>
  <datafield tag="700" ind1=" " ind2=" ">
    <subfield code="a">Chase, Richard B.</subfield>
  </datafield>
  <datafield tag="942" ind1=" " ind2=" ">
    <subfield code="2">lcc</subfield>
    <subfield code="c">BK</subfield>
  </datafield>
  <datafield tag="999" ind1=" " ind2=" ">
    <subfield code="c">9017</subfield>
    <subfield code="d">16517</subfield>
  </datafield>
  <datafield tag="952" ind1=" " ind2=" ">
    <subfield code="0">0</subfield>
    <subfield code="1">0</subfield>
    <subfield code="2">lcc</subfield>
    <subfield code="4">0</subfield>
    <subfield code="7">0</subfield>
    <subfield code="a">WIUC-1</subfield>
    <subfield code="b">WIUC-1</subfield>
    <subfield code="c">REF</subfield>
    <subfield code="d">2022-06-14</subfield>
    <subfield code="l">0</subfield>
    <subfield code="o">TS155.J27(14e)</subfield>
    <subfield code="p">9279/728/22</subfield>
    <subfield code="r">2022-06-14 00:00:00</subfield>
    <subfield code="t">1</subfield>
    <subfield code="w">2022-06-14</subfield>
    <subfield code="y">BK</subfield>
  </datafield>
  <datafield tag="952" ind1=" " ind2=" ">
    <subfield code="0">0</subfield>
    <subfield code="1">0</subfield>
    <subfield code="2">lcc</subfield>
    <subfield code="4">0</subfield>
    <subfield code="7">0</subfield>
    <subfield code="a">WIUC-1</subfield>
    <subfield code="b">WIUC-1</subfield>
    <subfield code="c">REF</subfield>
    <subfield code="d">2022-06-14</subfield>
    <subfield code="l">0</subfield>
    <subfield code="o">TS155.J271(14e)</subfield>
    <subfield code="p">9280/729/22</subfield>
    <subfield code="r">2022-06-14 00:00:00</subfield>
    <subfield code="t">2</subfield>
    <subfield code="w">2022-06-14</subfield>
    <subfield code="y">BK</subfield>
  </datafield>
  <datafield tag="952" ind1=" " ind2=" ">
    <subfield code="0">0</subfield>
    <subfield code="1">0</subfield>
    <subfield code="2">lcc</subfield>
    <subfield code="4">0</subfield>
    <subfield code="7">0</subfield>
    <subfield code="a">WIUC-1</subfield>
    <subfield code="b">WIUC-1</subfield>
    <subfield code="c">REF</subfield>
    <subfield code="d">2022-06-14</subfield>
    <subfield code="l">0</subfield>
    <subfield code="o">TS155.J272(14e)</subfield>
    <subfield code="p">9281/730/22</subfield>
    <subfield code="r">2022-06-14 00:00:00</subfield>
    <subfield code="t">3</subfield>
    <subfield code="w">2022-06-14</subfield>
    <subfield code="y">BK</subfield>
  </datafield>
</record>
